| 000 | 00000nam 2200000zi 4500 |
| 001 | 9.945570 |
| 003 | CaOODSP |
| 005 | 20241126104253 |
| 006 | m o d f |
| 007 | cr |n||||||||| |
| 008 | 241126s1973 onc ob f000 0 fre d |
| 040 | |aCaOODSP|bfre|erda|cCaOODSP |
| 043 | |an-cn--- |
| 086 | 1 |aIC24-3/1973F-PDF|zIC24-3/1973F |
| 245 | 00|aChoix de publications du gouvernement fédéral pour les bibliothèques des écoles secondaires. |
| 264 | 1|aOttawa : |bInformation Canada, |c1973. |
| 300 | |a1 ressource en ligne (1 volume (en pagination multiple)) |
| 336 | |atexte|btxt|2rdacontent/fre |
| 337 | |ainformatique|bc|2rdamedia/fre |
| 338 | |aressource en ligne|bcr|2rdacarrier/fre |
| 500 | |aPublié aussi en anglais sous le titre : Federal government publications selected for high school libraries. |
| 500 | |aÉdition numérisée de l'imprimée [par Direction des publications du Gouvernement du Canada]. |
| 650 | 6|aPublications officielles|zCanada|xBibliographie. |
| 655 | 7|aBibliographies|2rvmgf |
| 710 | 1 |aCanada.|bInformation Canada, |eorganisme de publication. |
| 775 | 08|tFederal government publications selected for high school libraries.|w(CaOODSP)9.945567 |
| 856 | 40|qPDF|s34.9 MB|uhttps://publications.gc.ca/collections/collection_2024/spac-pspc/IC24-3-1973-fra.pdf |